Regeneration lessons not being learned (Record no. 67019)
[ view plain ]
| 000 -LEADER | |
|---|---|
| fixed length control field | 00990cam a2200205 4500 |
| 001 - CONTROL NUMBER | |
| control field | WB3719-33 |
| 008 - FIXED-LENGTH DATA ELEMENTS--GENERAL INFORMATION | |
| fixed length control field | 000000n2001 000 0 eng u |
| 035 ## - SYSTEM CONTROL NUMBER | |
| System control number | (Sirsi) u112596 |
| 245 ## - TITLE STATEMENT | |
| Title | Regeneration lessons not being learned |
| 260 ## - PUBLICATION, DISTRIBUTION, ETC. | |
| Date of publication, distribution, etc. | 2001 |
| 490 ## - SERIES STATEMENT | |
| Series statement | Urban Environment Today |
| Volume/sequential designation | (121) 10 May 2001, 3(1) |
| 520 ## - SUMMARY, ETC. | |
| Summary, etc. | A study conducted on behalf of the DETR has found that regeneration programmes are not learning the lessons from previous initiatives. New programmes are being launched before good practice lessons are gathered from earlier schemes. The research has found that lack of evaluation of programmes is due to insufficient funding. "A Review of the Evidence Base for Regeneration Policy and Practice" is available on the DETR website at: www.regeneration.detr.gov.uk/rs/03900/index.htm |
| 590 ## - LOCAL NOTE (RLIN) | |
| Local note | WB |
| 650 ## - SUBJECT ADDED ENTRY--TOPICAL TERM | |
| Topical term or geographic name entry element | DETR |
| 650 ## - SUBJECT ADDED ENTRY--TOPICAL TERM | |
| Topical term or geographic name entry element | RESEARCH |
| 650 ## - SUBJECT ADDED ENTRY--TOPICAL TERM | |
| Topical term or geographic name entry element | REGENERATION POLICY |
| 650 ## - SUBJECT ADDED ENTRY--TOPICAL TERM | |
| Topical term or geographic name entry element | REGENERATION PROGRAMMES |
| 690 ## - LOCAL SUBJECT ADDED ENTRY--TOPICAL TERM (OCLC, RLIN) | |
| Topical term or geographic name as entry element | REGENERATION |
| 942 ## - ADDED ENTRY ELEMENTS (KOHA) | |
| Suppress in OPAC | 0 |
| Withdrawn status | Lost status | Source of classification or shelving scheme | Damaged status | Not for loan | Home library | Current library | Shelving location | Date acquired | Total Checkouts | Full call number | Barcode | Date last seen | Copy number | Price effective from | Koha item type |
|---|---|---|---|---|---|---|---|---|---|---|---|---|---|---|---|
| Dewey Decimal Classification | London | London | News article | 16/05/2001 | WB3719-33 | 112596-1001 | 06/08/2019 | 1 | 06/08/2019 | News article |